| 000 | 00711nam a22002057a 4500 | ||
|---|---|---|---|
| 999 |
_c12816 _d12816 |
||
| 003 | AR-CdUCM | ||
| 008 | 190410b ||||| |||| 00| 0 spa d | ||
| 040 |
_aMUNICIPALIDAD PROVINCIAL DEL CUSCO _cBIBLIOTECA MUNICIPAL DEL CUSCO |
||
| 082 |
_a869.55 / _bS36 |
||
| 100 |
_aCornejo Polar, Jorge _99944 |
||
| 245 | _aSobre segura / | ||
| 260 |
_aArequipa : _bUniversitaria, _c1970. |
||
| 300 |
_a86 páginas ; _c19 cm. |
||
| 505 | _aContenido : Costumbrismo y romanticismo -- Análisis de la saya y manto -- Perfil de Ña catita -- Ña catita y la saya y manto ... | ||
| 650 |
_aLiteratura _983 |
||
| 650 |
_aArequipeña _930893 |
||
| 650 |
_aPeruana _925277 |
||
| 942 |
_2ddc _cLIBROS |
||
| 945 |
_arah _d10/04/2019 |
||